[Event "Turkey IS Bank Super League 2017"]
[Site "Darica-Kocaeli"]
[Date "2017.08.04"]
[Round "11"]
[White "Erdogdu, Mert"]
[Black "Demircioglu, Emre"]
[Result "1/2-1/2"]
[WhiteElo "2445"]
[BlackElo "2265"]
[Annotator "TA"]
[PlyCount "95"]
[EventType "team-tourn"]
[EventCountry "TUR"]
[SourceTitle "playchess.com"]
[Source "ChessBase"]
[SourceQuality "1"]

{[%evp 21,95,0,-1,-2,16,0,0,-2,-5,-6,1,-5,0,0,7,0,0,0,0,6,0,0,0,-20,6,2,13,13,23,29,21,20,97,97,96,97,87,-8,-8,-8,-8,-8,-8,-8,-8,-8,-8,-8,0,0,0,0,0,0,0,0,-6,-13,0,0,0,0,0,0,0,-31,0,0,0,0,0,0,0,0,0,0]} 1. e4 e5 2. Nf3 Nc6 3. Bc4 Bc5 4. O-O Nf6 5. d3 a6 6. Bb3 d6 7. c3 h6 {C54: Giuoco Piano: 4 c3 Nf6, main lines with 5 d4 and 5 d3} 8. Re1 O-O 9. h3 Re8 10. Nbd2 Be6 11. Bc2 (11. Nf1 Bxb3 12. Qxb3 d5 13. Be3 Bf8 14. Rad1 Na5 15. Qc2 {0-1 (43) So,W (2812)-Carlsen,M (2832) Paris 2017}) 11... d5 {LiveBook: 27 Games} 12. exd5 Bxd5 13. Nf1 e4 14. dxe4 Bxe4 {[#]} 15. Bf4 $146 ({Predecessor:} 15. Qxd8 Raxd8 16. Bxe4 Nxe4 17. Be3 Bxe3 18. Nxe3 Nc5 19. Rad1 Na4 {½-½ (19) Perez Ponsa,F (2585)-Aleksandrov,A (2574) Doha 2016}) 15... Qxd1 16. Bxd1 Bb6 17. N1d2 Bd5 18. Ba4 Ne4 19. Nxe4 Rxe4 20. Rxe4 Bxe4 21. Nd2 Bd5 22. b4 (22. Bxc6 $5 Bxc6 23. Nc4 $11) 22... a5 (22... g5 $5 {[%cal Rg5f4]} 23. Bg3 Rd8 $15) 23. c4 $36 {[%mdl 2048] Black is under pressure.} Nd4 24. Bd1 Be6 25. c5 Ba7 26. Nb3 Bxb3 (26... Nb5 $11 {keeps the balance.}) 27. axb3 $16 axb4 {[#]} 28. Be3 $1 {[%cal Re3d4]} ({But not} 28. Bxc7 Rc8 $11) 28... Nb5 {[#]} 29. Be2 (29. c6 $1 $16 {[%cal Rc6b7]} b6 30. Bf3) 29... Na3 $1 $11 30. Rc1 Rd8 31. h4 c6 32. h5 Bb8 33. f4 Bc7 34. Kf2 Rd7 (34... f5 {seems wilder.} 35. g3 Kf7 36. Ra1 Ba5 37. Ra2 Rd5) 35. Rd1 Rxd1 36. Bxd1 {[%mdl 4096] Endgame KBB-KBN} Kf8 37. Kf3 Nb5 38. Be2 Nc3 39. Bc4 Ke7 40. Bd4 Kf8 41. g3 Bd8 42. Bd3 Nd5 43. Be4 Nc7 44. Bf5 {The position is equal.} Na6 45. Bc8 Be7 46. Bxb7 Nxc5 47. Bxc5 Bxc5 48. Bxc6 {Precision: White = 66%, Black = 56%.} 1/2-1/2

[Event "Turkey IS Bank Super League 2017"]
[Site "Darica-Kocaeli"]
[Date "2017.08.04"]
[Round "11"]
[White "Arat, Ufuk Sezen"]
[Black "Samani, Yamac"]
[Result "1/2-1/2"]
[WhiteElo "2400"]
[BlackElo "2263"]
[Annotator "ChessBase"]
[PlyCount "74"]
[EventType "team-tourn"]
[EventCountry "TUR"]
[SourceTitle "playchess.com"]
[Source "ChessBase"]
[SourceQuality "1"]
[TimeControl "40/5400+30:1800+30"]

1. d4 {[%emt 0:00:30]} d5 {[%emt 0:01:00]} 2. Nf3 {[%emt 0:02:30]} Nf6 {[%emt 0:00:30]} 3. g3 {[%emt 0:00:30]} c6 {[%emt 0:01:30]} 4. Bg2 {[%emt 0:00:30]} Bf5 {[%emt 0:00:30]} 5. Nh4 {[%emt 0:02:30]} Bg6 {[%emt 0:02:30]} 6. Nxg6 {[%emt 0:00:30]} hxg6 {[%emt 0:00:30]} 7. Nd2 {[%emt 0:01:30]} Nbd7 {[%emt 0:00:30]} 8. O-O {[%emt 0:05:30]} e6 {[%emt 0:01:30]} 9. e4 {[%emt 0:07:30]} Nxe4 {[%emt 0:01:30]} 10. Nxe4 {[%emt 0:00:30]} dxe4 {[%emt 0:00:30]} 11. Bxe4 {[%emt 0:00:00]} Be7 {[%emt 0:03:30]} 12. b3 {[%emt 0:03:00]} Qa5 {[%emt 0:01:30]} 13. c4 {[%emt 0:09:30]} Rd8 {[%emt 0:10:30]} 14. Bg2 {[%emt 0:15:30]} Nf6 {[%emt 0:09:30]} 15. Bd2 {[%emt 0:04:30]} Bb4 {[%emt 0:02:30]} 16. Be3 {[%emt 0:02:30]} O-O {[%emt 0:22:30]} 17. Qe2 {[%emt 0:09:30]} Rd7 {[%emt 0:04:30]} 18. Rad1 {[%emt 0:12:38]} Rfd8 {[%emt 0:03:30]} 19. f4 {[%emt 0:08:12]} Bc3 {[%emt 0:03:30]} 20. d5 {[%emt 0:00:22]} cxd5 {[%emt 0:01:30]} 21. cxd5 {[%emt 0:00:05]} Nxd5 {[%emt 0:01:30]} 22. Bxd5 {[%emt 0:00:11]} Rxd5 {[%emt 0:00:30]} 23. Rxd5 {[%emt 0:00:05]} Rxd5 {[%emt 0:05:30]} 24. Rd1 {[%emt 0:00:05]} a6 {[%emt 0:03:31]} 25. Qf3 {[%emt 0:01:56]} Rxd1+ {[%emt 0:01:29]} 26. Qxd1 {[%emt 0:00:03]} Qd5 {[%emt 0:00:19]} 27. Qxd5 {[%emt 0:01:58]} exd5 {[%emt 0:00:06]} 28. Kf2 {[%emt 0:00:29]} Kf8 {[%emt 0:01:08]} 29. Ke2 {[%emt 0:00:57]} Ke7 {[%emt 0:01:48]} 30. Kd3 {[%emt 0:00:50]} Bf6 {[%emt 0:00:48]} 31. g4 {[%emt 0:00:13]} Ke6 {[%emt 0:00:34]} 32. h3 {[%emt 0:02:11]} Kd6 {[%emt 0:02:20]} 33. a4 {[%emt 0:03:55]} Kc6 {[%emt 0:01:40]} 34. b4 {[%emt 0:01:01]} Be7 {[%emt 0:02:25]} 35. Bd2 {[%emt 0:00:08]} Bf6 {[%emt 0:01:01]} 36. Be3 {[%emt 0:00:26]} Be7 {[%emt 0:00:57]} 37. Bd2 {[%emt 0:00:06]} Bf6 {[%emt 0:06:42]} 1/2-1/2

[Event "Turkey IS Bank Super League 2017"]
[Site "Darica-Kocaeli"]
[Date "2017.08.04"]
[Round "11"]
[White "Karavade, Eesha"]
[Black "Muzychuk, Anna"]
[Result "1/2-1/2"]
[WhiteElo "2397"]
[BlackElo "2572"]
[Annotator "TA"]
[PlyCount "60"]
[EventType "team-tourn"]
[EventCountry "TUR"]
[SourceTitle "playchess.com"]
[Source "ChessBase"]
[SourceQuality "1"]

{[%evp 14,60,20,15,8,10,22,12,20,14,13,13,9,18,23,6,6,10,18,20,10,8,12,11,19,0,0,0,0,0,0,0,34,25,24,25,20,20,20,19,25,17,31,40,23,31,16,26,6]} 1. d4 Nf6 2. c4 g6 3. Nc3 d5 4. cxd5 Nxd5 5. Bd2 Bg7 6. e4 Nxc3 7. Bxc3 O-O 8. Qd2 c5 {[%cal Rc5d4] D85: Exchange Grünfeld: Unusual White 7th moves and lines with 7 Nf3} (8... Nc6 9. Ne2 e5 10. d5 Nd4 11. Nxd4 exd4 12. Bxd4 Re8 13. f3 Qxd5 14. Bxg7 Qxd2+ 15. Kxd2 Kxg7 16. Bd3 {½-½ (31) Vallejo Pons,F (2716)-Aronian,L (2795) Novi Sad 2016}) 9. d5 Bxc3 10. bxc3 e6 {The position is equal.} 11. Bc4 exd5 12. Bxd5 Nd7 13. Nf3 Nb6 14. O-O Bg4 15. Ng5 $146 {[#] Black must now prevent Nxf7.} ({Predecessor:} 15. Ne5 Be6 16. c4 {½-½ (41) Dedebas,E (1975)-Tuncer,T (2175) Kocaeli 2015}) 15... Qf6 16. h3 Nxd5 17. exd5 Bf5 18. Rfe1 Rfe8 19. g4 h6 20. gxf5 Qxf5 21. Nxf7 Kxf7 22. Kg2 ({Don't play} 22. Qxh6 Rh8 $17) 22... c4 23. Rad1 Qg5+ 24. Qxg5 hxg5 25. Kf3 Rxe1 26. Rxe1 $11 {KR-KR} Rd8 27. Re5 Rd6 28. Ke4 Ra6 29. Kd4 Rxa2 30. Kxc4 Rxf2 {Precision: White = 96%, Black = 71%.} 1/2-1/2

[Event "Turkey IS Bank Super League 2017"]
[Site "Darica-Kocaeli"]
[Date "2017.08.04"]
[Round "11"]
[White "Atakisi, Umut"]
[Black "Heberla, Bartlomiej"]
[Result "0-1"]
[WhiteElo "2373"]
[BlackElo "2577"]
[Annotator "TA"]
[PlyCount "102"]
[EventType "team-tourn"]
[EventCountry "TUR"]
[SourceTitle "playchess.com"]
[Source "ChessBase"]
[SourceQuality "1"]

{[%evp 11,102,13,29,22,21,21,31,26,34,25,22,20,22,-164,-179,-168,-169,-362,-288,-263,-362,-283,-287,-273,-236,-239,-228,-224,-185,-211,-205,-222,-218,-199,-207,-197,-195,-237,-222,-244,-231,-227,-218,-208,-231,-210,-235,-258,-253,-254,-224,-288,-255,-323,-317,-341,-331,-334,-336,-329,-343,-411,-347,-339,-336,-381,-386,-386,-370,-445,-442,-547,-550,-519,-485,-538,-335,-640,-640,-667,-642,-647,-633,-613,-583,-1080,-1041,-987,-1009,-1695,-1497,-1901,-1840]} 1. e4 c5 2. Nf3 {[%cal Bg1f3,Bf3d4,Bd4b5,Bb5d6][%mdl 32]} e6 3. d4 cxd4 4. Nxd4 Nf6 5. Nc3 Nc6 6. Ndb5 Bc5 7. Nd6+ {B45: Sicilian Four Knights} Ke7 8. Bf4 {Threatens to win with Bc4.} e5 $1 {[%cal Re5f4]} 9. Nf5+ {White is slightly better.} Kf8 10. Bg5 d6 11. Ne3 Be6 12. Ncd5 $146 {[#]} (12. Ned5 $11 {and White stays safe.}) ({Predecessor:} 12. Bd3 h6 13. Bxf6 Qxf6 14. O-O Ne7 {1-0 (38) Kovchan,A (2583)-Baghdasaryan,V (2432) Al Ain 2015}) 12... Qa5+ $19 13. c3 Nxe4 14. b4 $2 (14. Bh4) 14... Bxe3 15. bxa5 Bxf2+ 16. Ke2 {[#] aiming for Kf3.} Bg4+ 17. Kd3 Nc5+ 18. Kc2 Bxd1+ 19. Rxd1 Ne6 20. Be3 Bxe3 21. Nxe3 Rd8 22. a6 bxa6 23. Bxa6 g6 24. Bb7 Na5 25. Rb1 Rb8 26. Bf3 Kg7 27. Rxb8 Rxb8 28. Rd1 Rd8 29. Rb1 {and if Rb5 works, White does fine.} Rc8 30. Kd2 Rc5 31. g4 Nc7 32. g5 h6 33. h4 hxg5 34. hxg5 Ne6 35. Rg1 Nf4 36. Rb1 Nc4+ 37. Nxc4 Rxc4 {[%mdl 4096] Endgame KRB-KRN} 38. Bd1 Nh3 39. Rb7 Nxg5 40. Rxa7 Ne4+ 41. Kc1 d5 42. Bb3 Rxc3+ 43. Kb2 Rd3 44. a4 $2 (44. Rd7) 44... Nd2 {Black is clearly winning.} 45. Ba2 e4 46. Re7 Kf6 47. Re8 Kf5 48. a5 Nc4+ 49. Bxc4 dxc4 50. a6 Rb3+ 51. Ka2 Rb6 {Precision: White = 32%, Black = 88%.} 0-1

[Event "Turkey IS Bank Super League 2017"]
[Site "Darica-Kocaeli"]
[Date "2017.08.04"]
[Round "11"]
[White "Mammadova, Gulnar"]
[Black "Onur, Cigdem"]
[Result "1-0"]
[WhiteElo "2357"]
[BlackElo "1699"]
[Annotator "NA"]
[PlyCount "81"]
[EventType "team-tourn"]
[EventCountry "TUR"]
[SourceTitle "playchess.com"]
[Source "ChessBase"]
[SourceQuality "1"]
[TimeControl "40/5400+30:1800+30"]

1. e4 {[%emt 0:00:30]} c5 {[%emt 0:01:00]} 2. Nf3 {[%emt 0:00:30]} Nc6 {[%emt 0:00:30]} 3. Bb5 {[%emt 0:00:30]} e6 {[%emt 0:00:30]} 4. O-O {[%emt 0:00:00]} Nge7 {[%emt 0:00:00]} 5. Re1 {[%emt 0:00:00]} a6 {[%emt 0:00:00]} 6. Bf1 {[%emt 0:00:00]} d5 {[%emt 0:00:00]} 7. d3 {[%emt 0:00:00]} Ng6 {[%emt 0:09:00] B30: Sicilian: 2...Nc6 3 Bb5, lines without ...g6} (7... d4 8. e5 Nf5 9. g3 b6 10. Bg2 Bb7 11. Nbd2 Be7 12. Ne4 h5 13. h4 Qd7 14. Bf4 Nb4 15. Nfg5 {½-½ (49) Movsesian,S (2677)-Miton,K (2612) Czech Republic 2017}) 8. c3 {[%emt 0:07:30]} d4 {[%emt 0:16:30]} 9. e5 {[%emt 0:03:30]} Be7 {[%emt 0:02:30]} 10. Nbd2 {[%emt 0:02:30]} O-O {[%emt 0:06:30]} 11. g3 $146 {[%emt 0:05:30]} ({Find the theoretical novelty and annotate with similar games:} 11. a4 b6 12. Nc4 Rb8 13. Qe2 Bb7 14. g3 b5 15. axb5 axb5 {½-½ (76) Taeib,S (2147)-Amdouni,Z (2264) Hammamet 2013}) 11... Qc7 {[%emt 0:09:30]} 12. Qe2 {[%emt 0:00:30]} b5 {[%emt 0:13:30]} 13. h4 {[%emt 0:00:30]} h5 {[%emt 0:04:30]} 14. Bg2 {[%emt 0:10:30]} Bb7 {[%emt 0:06:30]} 15. Nb3 {[%emt 0:09:30]} Rfd8 {[%emt 0:06:30]} (15... dxc3 $11 {keeps the balance.} 16. bxc3 Rac8) 16. Bd2 {[%emt 0:04:30]} (16. cxd4 $14 Nxd4 17. Nfxd4 cxd4 18. Bxb7 Qxb7 19. Qxh5) 16... Nf8 {[%emt 0:12:04]} 17. cxd4 {[%emt 0:01:30]} cxd4 {[%emt 0:01:29]} 18. Rac1 {[%emt 0:01:30]} Qd7 {[%emt 0:04:16]} 19. Nc5 {[%emt 0:01:30]} ({White should try} 19. Ng5 $18) 19... Bxc5 {[%emt 0:00:36]} 20. Rxc5 {[%emt 0:00:30]} Nh7 {[%emt 0:01:51]} 21. Bf4 {[%emt 0:05:30]} Rac8 {[%emt 0:01:39]} 22. Nd2 {[%emt 0:00:30]} g6 {[%emt 0:01:30]} 23. Ne4 {[%emt 0:01:30]} Nb4 {[%emt 0:00:38]} 24. Rxc8 {[%emt 0:02:30]} Rxc8 {[%emt 0:00:37]} 25. Qd2 {[%emt 0:00:30]} Bxe4 {[%emt 0:00:36]} 26. Bxe4 {[%emt 0:01:30]} Qe7 $16 {[%emt 0:00:32]} 27. Rc1 {[%emt 0:00:30]} Rxc1+ {[%emt 0:00:51]} 28. Qxc1 {[%emt 0:00:30]} Nd5 {[%emt 0:00:09]} 29. Bxd5 {[%emt 0:07:30]} exd5 {[%emt 0:00:37]} 30. Qc8+ {[%emt 0:00:30]} Kg7 {[%emt 0:00:42]} 31. Qxa6 {[%emt 0:00:00]} g5 {[%emt 0:00:12]} 32. hxg5 {[%emt 0:01:00]} Nxg5 {[%emt 0:00:05]} 33. Bxg5 {[%emt 0:01:30]} Qxg5 {[%emt 0:00:07]} 34. Qf6+ {[%emt 0:00:30]} Qxf6 {[%emt 0:00:40]} 35. exf6+ {[%emt 0:00:30]} Kxf6 {[%emt 0:00:00]} 36. a3 {[%emt 0:00:00]} b4 {[%emt 0:01:37]} 37. a4 {[%emt 0:01:00]} Ke6 {[%emt 0:00:23]} 38. b3 {[%emt 0:00:30]} Kd6 {[%emt 0:00:51]} 39. Kg2 {[%emt 0:00:30]} Ke6 {[%emt 0:00:00]} 40. Kh3 {[%emt 0:00:00]} Kd6 {[%emt 0:30:36]} 41. Kh4 {[%emt 0:00:00]} 1-0

[Event "Turkey IS Bank Super League 2017"]
[Site "Darica-Kocaeli"]
[Date "2017.08.04"]
[Round "11"]
[White "Kerigan, Demre"]
[Black "Yilmaz, Goktan"]
[Result "1/2-1/2"]
[WhiteElo "2354"]
[BlackElo "2202"]
[Annotator "NA"]
[PlyCount "73"]
[EventType "team-tourn"]
[EventCountry "TUR"]
[SourceTitle "playchess.com"]
[Source "ChessBase"]
[SourceQuality "1"]
[TimeControl "40/5400+30:1800+30"]

1. e4 {[%emt 0:01:30]} c5 {[%emt 0:01:00]} 2. Nf3 {[%emt 0:00:00]} d6 {[%emt 0:00:30]} 3. c3 {[%emt 0:00:00]} Nf6 {[%emt 0:00:00]} 4. Be2 {[%emt 0:00:30]} g6 {[%emt 0:01:00]} 5. O-O {[%emt 0:00:30]} Bg7 {[%emt 0:00:30]} 6. Bb5+ {[%emt 0:00:30]} Bd7 {[%emt 0:00:30]} 7. Bxd7+ {[%emt 0:00:30]} Qxd7 {[%emt 0:00:30]} 8. Re1 {[%emt 0:00:30]} Nc6 {[%emt 0:01:30]} 9. d4 {[%emt 0:00:30]} cxd4 {[%emt 0:01:30]} 10. cxd4 {[%emt 0:00:30]} O-O {[%emt 0:00:30] LiveBook: 5 Games} 11. Nc3 {[%emt 0:00:30] B50: Sicilian: 2...d6, Miscellaneous} d5 {[%emt 0:07:30]} (11... Rac8 12. h3 d5 13. Ne5 Qd8 14. Nxc6 bxc6 15. e5 Nd7 16. Be3 e6 17. Rc1 f6 18. exf6 Qxf6 {Glek,I (2566)-Sprenger,J (2505) Belgium 2005 (76)}) 12. e5 {[%emt 0:02:30]} Ne8 {[%emt 0:00:30]} 13. Bf4 $146 {[%emt 0:19:30]} ({Predecessor:} 13. h4 Nc7 14. h5 Rad8 15. Be3 Qg4 16. Qb3 Qd7 {0-1 (63) Flores,D (2440)-Fiorito,F (2420) Villa Ballester 2004}) 13... Nc7 {[%emt 0:00:30]} 14. Qd2 {[%emt 0:00:30]} Ne6 {[%emt 0:02:30]} 15. Rad1 {[%emt 0:01:30]} Nxf4 {[%emt 0:04:30]} 16. Qxf4 {[%emt 0:03:30]} e6 {[%emt 0:01:30]} 17. h4 {[%emt 0:05:30]} f6 {[%emt 0:02:30]} 18. Qg4 {[%emt 0:03:30]} fxe5 {[%emt 0:02:30]} 19. Nxe5 {[%emt 0:08:30]} Nxe5 {[%emt 0:04:30]} 20. dxe5 {[%emt 0:00:30]} Qf7 {[%emt 0:00:30]} 21. Qe2 {[%emt 0:07:30]} a6 {[%emt 0:01:30]} 22. Qe3 {[%emt 0:06:30]} Rac8 {[%emt 0:04:30]} 23. g3 {[%emt 0:02:30]} Qe7 {[%emt 0:05:30]} 24. Rd2 {[%emt 0:09:30]} Qb4 {[%emt 0:01:30]} 25. a3 {[%emt 0:03:30]} Qg4 {[%emt 0:05:30]} 26. Kg2 {[%emt 0:01:30]} Rc4 {[%emt 0:05:30]} 27. f3 {[%emt 0:07:56]} Qf5 {[%emt 0:00:30]} 28. f4 {[%emt 0:02:44]} Rfc8 {[%emt 0:03:30]} 29. Ne2 {[%emt 0:02:56]} Bf8 $11 {[%emt 0:03:30]} 30. Nd4 {[%emt 0:01:47]} Qf7 {[%emt 0:00:30]} 31. Qd3 {[%emt 0:00:49]} Bc5 {[%emt 0:03:30]} 32. Nf3 {[%emt 0:00:08]} Be7 {[%emt 0:04:30]} 33. Ree2 {[%emt 0:01:05]} b5 {[%emt 0:03:30]} 34. Nd4 {[%emt 0:01:20]} Bc5 {[%emt 0:01:30]} 35. Nf3 {[%emt 0:00:30]} Be7 {[%emt 0:00:00]} 36. Nd4 {[%emt 0:00:40]} Bc5 {[%emt 0:00:00]} 37. Nf3 {[%emt 0:01:02]} 1/2-1/2

[Event "Turkey IS Bank Super League 2017"]
[Site "Darica-Kocaeli"]
[Date "2017.08.04"]
[Round "11"]
[White "Osmak, Iulija"]
[Black "Buyukasik, Diyap"]
[Result "1/2-1/2"]
[WhiteElo "2353"]
[BlackElo "2285"]
[Annotator "NA"]
[PlyCount "87"]
[EventType "team-tourn"]
[EventCountry "TUR"]
[SourceTitle "playchess.com"]
[Source "ChessBase"]
[SourceQuality "1"]
[TimeControl "40/5400+30:1800+30"]

1. d4 {[%emt 0:00:30]} Nf6 {[%emt 0:01:00]} 2. Bf4 {[%emt 0:00:30]} g6 {[%emt 0:00:30]} 3. e3 {[%emt 0:00:30]} Bg7 {[%emt 0:00:30]} 4. Nf3 {[%emt 0:00:00]} O-O {[%emt 0:00:00] LiveBook: 1657 Games} 5. Be2 {[%emt 0:00:00]} d6 {[%emt 0:00:00]} 6. h3 {[%emt 0:00:30]} c5 {[%emt 0:00:00]} 7. c3 {[%emt 0:00:30]} Be6 {[%emt 0:00:00]} 8. Nbd2 {[%emt 0:01:30]} Qb6 {[%emt 0:00:30] A48: 1 d4 Nf6 2 Nf3 g6: Torre, London and Colle Systems} 9. Qc1 {[%emt 0:04:30]} (9. Qc2 Nc6 10. O-O Rac8 11. dxc5 Qxc5 12. e4 Qb6 13. Be3 Qc7 14. Qa4 a6 15. Nd4 Bd7 16. Qb3 {0-1 (46) Khotenashvili,B (2504)-Harika,D (2505) Beijing 2014}) 9... Nc6 {[%emt 0:00:00]} 10. Ng5 {[%emt 0:01:30]} cxd4 {[%emt 0:07:00]} 11. exd4 {[%emt 0:03:30]} Bd5 $146 {[%emt 0:05:30]} ({Predecessor:} 11... Bd7 12. O-O Rac8 13. Nc4 Qc7 14. Re1 Nd5 15. Bh2 h6 {1-0 (45) Salna,A (1936)-Gudeika,D (1987) Kaunas 2016}) 12. O-O {[%emt 0:01:30]} Rac8 {[%emt 0:06:30]} 13. Be3 {[%emt 0:01:30]} Na5 {[%emt 0:09:30]} 14. a4 {[%emt 0:08:30]} Qc6 {[%emt 0:07:30]} 15. Ngf3 {[%emt 0:01:30]} Ne4 {[%emt 0:05:30]} 16. Bb5 {[%emt 0:01:30]} Qc7 {[%emt 0:01:30]} 17. Qe1 {[%emt 0:03:30]} a6 {[%emt 0:01:30]} 18. Bd3 {[%emt 0:00:30]} Nxd2 {[%emt 0:07:30]} 19. Nxd2 {[%emt 0:00:00]} e5 {[%emt 0:02:30]} 20. dxe5 {[%emt 0:03:00]} dxe5 {[%emt 0:00:30]} 21. f3 {[%emt 0:00:30]} Nc4 {[%emt 0:13:30]} 22. Nxc4 {[%emt 0:01:30]} (22. Bxc4 {[%emt 0:01:30]}) 22... Bxc4 {[%emt 0:00:30]} 23. Bxc4 {[%emt 0:00:30]} Qxc4 {[%emt 0:00:30]} 24. a5 {[%emt 0:01:30]} Rfd8 {[%emt 0:00:30]} 25. Bb6 {[%emt 0:01:30]} Rd5 {[%emt 0:01:30]} 26. Rd1 {[%emt 0:11:30]} Bf8 {[%emt 0:00:30]} 27. Qe4 {[%emt 0:06:30]} Bc5+ {[%emt 0:04:30]} 28. Bxc5 $1 {[%emt 0:00:30]} Qxc5+ {[%emt 0:00:30]} 29. Kh1 {[%emt 0:00:30]} Rcd8 {[%emt 0:00:30]} 30. Rxd5 {[%emt 0:00:00]} Qxd5 {[%emt 0:02:30]} 31. Qb4 {[%emt 0:07:00]} Qd3 {[%emt 0:04:57]} 32. Re1 {[%emt 0:00:30]} Qd5 {[%emt 0:01:58]} 33. Qe7 {[%emt 0:01:30]} Qxa5 {[%emt 0:01:13]} 34. Qxb7 {[%emt 0:08:30]} Rd5 {[%emt 0:06:28]} 35. Kh2 {[%emt 0:04:30]} Kg7 {[%emt 0:01:25]} 36. Qe7 {[%emt 0:02:30]} Qb5 {[%emt 0:01:23]} 37. Qg5 {[%emt 0:13:24]} (37. Qc7 $11) 37... Qxb2 {[%emt 0:05:29]} 38. Rxe5 {[%emt 0:00:09]} Qb8 {[%emt 0:01:02]} 39. f4 {[%emt 0:00:03]} h6 {[%emt 0:00:20]} 40. Qe7 {[%emt 0:00:00]} Rd1 {[%emt 0:02:45]} 41. Re4 {[%emt 0:08:54]} Qb6 {[%emt 0:05:30]} 42. Qe5+ {[%emt 0:00:30]} Kh7 {[%emt 0:00:00]} 43. Re3 {[%emt 0:01:30]} Qd6 {[%emt 0:07:45]} 44. c4 $11 {[%emt 0:04:30]} 1/2-1/2

[Event "Turkey IS Bank Super League 2017"]
[Site "Darica-Kocaeli"]
[Date "2017.08.04"]
[Round "11"]
[White "Yildiz, Betul Cemre"]
[Black "Ozturk, Kubra"]
[Result "1/2-1/2"]
[WhiteElo "2326"]
[BlackElo "2298"]
[Annotator "ChessBase"]
[PlyCount "66"]
[EventType "team-tourn"]
[EventCountry "TUR"]
[SourceTitle "playchess.com"]
[Source "ChessBase"]
[SourceQuality "1"]
[TimeControl "40/5400+30:1800+30"]

1. e4 {[%emt 0:00:30]} e5 {[%emt 0:01:00]} 2. Nf3 {[%emt 0:00:30]} Nc6 {[%emt 0:00:30]} 3. Bc4 {[%emt 0:00:00]} Nf6 {[%emt 0:02:30]} 4. d3 {[%emt 0:00:00]} Be7 {[%emt 0:00:00]} 5. O-O {[%emt 0:00:00]} O-O {[%emt 0:01:00]} 6. Re1 {[%emt 0:00:00]} d6 {[%emt 0:00:30]} 7. a4 {[%emt 0:00:30]} Na5 {[%emt 0:00:30]} 8. Ba2 {[%emt 0:00:30]} c5 {[%emt 0:02:30]} 9. Na3 {[%emt 0:01:30]} Nc6 {[%emt 0:17:30]} 10. c3 {[%emt 0:00:30]} h6 {[%emt 0:03:30]} 11. Nc2 {[%emt 0:02:30]} Re8 {[%emt 0:10:30]} 12. Bd2 {[%emt 0:03:30]} Bf8 {[%emt 0:02:30]} 13. b4 {[%emt 0:01:30]} cxb4 {[%emt 0:00:30]} 14. cxb4 {[%emt 0:00:00]} Ne7 {[%emt 0:01:30]} 15. Ne3 {[%emt 0:22:00]} Ng6 {[%emt 0:03:30]} 16. Bc4 {[%emt 0:01:30]} Nf4 {[%emt 0:05:30]} 17. Qb3 {[%emt 0:01:30]} Be6 {[%emt 0:02:30]} 18. Bxe6 {[%emt 0:08:30]} Nxe6 {[%emt 0:03:30]} 19. Nd5 {[%emt 0:04:30]} b6 {[%emt 0:09:30]} 20. Nxf6+ {[%emt 0:08:30]} Qxf6 {[%emt 0:00:00]} 21. a5 {[%emt 0:00:30]} g5 {[%emt 0:11:00]} 22. Be3 {[%emt 0:03:30]} Rab8 {[%emt 0:06:27]} 23. axb6 {[%emt 0:02:30]} axb6 {[%emt 0:00:02]} 24. Rec1 {[%emt 0:06:30]} b5 {[%emt 0:04:07]} 25. Nd2 {[%emt 0:11:30]} Qe7 {[%emt 0:09:48]} 26. Nf1 {[%emt 0:05:12]} Nf4 {[%emt 0:01:14]} 27. Ng3 {[%emt 0:01:16]} d5 {[%emt 0:01:36]} 28. Bc5 {[%emt 0:12:08]} Qe6 {[%emt 0:00:20]} 29. Ra5 {[%emt 0:02:48]} dxe4 {[%emt 0:00:50]} 30. Qxe6 {[%emt 0:00:02]} Rxe6 {[%emt 0:00:00]} 31. dxe4 {[%emt 0:00:31]} Nd3 {[%emt 0:01:19]} 32. Rb1 {[%emt 0:00:05]} Nxc5 {[%emt 0:00:18]} 33. bxc5 {[%emt 0:00:02]} Bxc5 {[%emt 0:00:13]} 1/2-1/2